ARRUPE JESUIT UNIVERSITY

CORONAVIRUS -STOP THE SPREAD - CLEAN,DISINFECT,COVER

World food security : (Record no. 117874)

MARC details
000 -LEADER
fixed length control field 01143cam a2200289 a 4500
001 - CONTROL NUMBER
control field 12847469
003 - CONTROL NUMBER IDENTIFIER
control field ARRUPE
005 - DATE AND TIME OF LATEST TRANSACTION
control field 20130918131927.0
008 - FIXED-LENGTH DATA ELEMENTS--GENERAL INFORMATION
fixed length control field 020709s2002 dcua b 001 0 eng d
010 ## - LIBRARY OF CONGRESS CONTROL NUMBER
LC control number 2002283949
020 ## - INTERNATIONAL STANDARD BOOK NUMBER
International Standard Book Number 0934255210 (pbk.)
035 ## - SYSTEM CONTROL NUMBER
System control number (OCoLC)ocm50074078
040 ## - CATALOGING SOURCE
Original cataloging agency JBL
Transcribing agency JBL
Modifying agency DLC
042 ## - AUTHENTICATION CODE
Authentication code lccopycat
050 00 - LIBRARY OF CONGRESS CALL NUMBER
Classification number TX359
Item number .M38 2002
300 ## - PHYSICAL DESCRIPTION
Dimensions 21cm.
100 1# - MAIN ENTRY--PERSONAL NAME
Personal name McLaughlin, Martin Michael.
9 (RLIN) 539
245 10 - TITLE STATEMENT
Title World food security :
Remainder of title a Catholic view of food policy in the new millennium /
Statement of responsibility, etc Martin M. McLaughlin.
260 ## - PUBLICATION, DISTRIBUTION, ETC. (IMPRINT)
Place of publication, distribution, etc Washington DC :
Name of publisher, distributor, etc Center of Concern,
Date of publication, distribution, etc c2002.
300 ## - PHYSICAL DESCRIPTION
Extent x, 214p.;
650 #0 - SUBJECT ADDED ENTRY--TOPICAL TERM
Topical term or geographic name as entry element Food supply
General subdivision Moral and ethical aspects.
9 (RLIN) 540
650 #0 - SUBJECT ADDED ENTRY--TOPICAL TERM
Topical term or geographic name as entry element Food supply
General subdivision Religious aspects
-- Catholic Church.
9 (RLIN) 541
650 #0 - SUBJECT ADDED ENTRY--TOPICAL TERM
Topical term or geographic name as entry element Hunger
General subdivision Religious aspects
-- Catholic Church.
9 (RLIN) 542
710 2# - ADDED ENTRY--CORPORATE NAME
Corporate name or jurisdiction name as entry element Center of Concern (Washington, D.C.)
9 (RLIN) 543
906 ## - LOCAL DATA ELEMENT F, LDF (RLIN)
a 7
b cbc
c copycat
d 2
e ncip
f 20
g y-gencatlg
942 ## - ADDED ENTRY ELEMENTS (KOHA)
Source of classification or shelving scheme Library of Congress Classification
Koha item type Monograph ( Printed materials)
Holdings
Withdrawn status Lost status Source of classification or shelving scheme Damaged status Not for loan Collection code Home library Current library Shelving location Date acquired Total Checkouts Full call number Barcode Date last seen Price effective from Koha item type
    Library of Congress Classification     Main Collection ARRUPE LIBRARY ARRUPE LIBRARY Main Collection 18/09/2013   TX359 .M38 2002 46410010 11/09/2019 18/09/2013 Monograph ( Printed materials)

 

Arrupe Library. PO Box MP320 Mt Pleasant, Harare, Zimbabwe
263 242 745411|librarian@aju.ac.zw